Statistics for Pokemon Tile Select Quiz

Click here to take the quiz!

General Stats

  • This quiz has been taken 51 times
  • The average score is 70 of 80

Answer Stats

QuestionTileSelect% Correct
Fire TypesButterfreeNo
100%
Fire TypesPersianNo
100%
Fire TypesCharmanderYes
98%
Water TypesClefableNo
98%
Water TypesDragoniteNo
98%
Fire TypesFearowNo
98%
Fire TypesGloomNo
98%
Water TypesMagnetonNo
98%
Water TypesMeowthNo
98%
Fire TypesMukNo
98%
Fire TypesNidoqueenNo
98%
Fire TypesPoliwrathNo
98%
Fire TypesVictreebelNo
98%
Flying TypesExeggutorNo
96%
Normal TypesJolteonNo
96%
Flying TypesKoffingNo
96%
Poison TypesLickitungNo
96%
Flying TypesMachokeNo
96%
Poison TypesMarowakNo
96%
Water TypesParasectNo
96%
Normal TypesPikachuNo
96%
Poison TypesSandslashNo
96%
Poison TypesSpearowNo
96%
Fire TypesArcanineYes
93%
Water TypesArticunoNo
93%
Water TypesDrowzeeNo
93%
Flying TypesGengarNo
93%
Fire TypesGrowlitheYes
93%
Normal TypesHitmonleeNo
93%
Fire TypesMagmarYes
93%
Fire TypesMoltresYes
93%
Normal TypesNidoran♂No
93%
Flying TypesPrimeapeNo
93%
Poison TypesScytherNo
93%
Flying TypesStarmieNo
93%
Water TypesWeedleNo
93%
Flying TypesAerodactylYes
91%
Poison TypesCloysterNo
91%
Normal TypesDiglettNo
91%
Fire TypesFlareonYes
91%
Water TypesBlastoiseYes
89%
Poison TypesCaterpieNo
89%
Normal TypesDrowzeeNo
89%
Normal TypesMeowthYes
89%
Fire TypesNinetalesYes
89%
Water TypesTentacruelYes
89%
Fire TypesRapidashYes
87%
Normal TypesSnorlaxYes
87%
Flying TypesButterfreeYes
85%
Normal TypesCuboneNo
85%
Normal TypesDittoYes
85%
Water TypesHorseaYes
85%
Normal TypesMr. MimeNo
85%
Poison TypesNidorinaYes
85%
Water TypesPsyduckYes
85%
Normal TypesRattataYes
85%
Poison TypesVenomothYes
85%
Poison TypesWeezingYes
85%
Flying TypesZubatYes
85%
Water TypesPoliwagYes
83%
Water TypesShellderYes
83%
Flying TypesDragonairNo
80%
Flying TypesDragoniteYes
80%
Flying TypesGyaradosYes
80%
Flying TypesZapdosYes
78%
Normal TypesChanseyYes
76%
Flying TypesCharizardYes
76%
Normal TypesFarfetch’dYes
76%
Poison TypesGolbatYes
76%
Water TypesOmastarYes
76%
Water TypesSlowpokeYes
76%
Poison TypesTangelaNo
76%
Normal TypesWigglytuffYes
76%
Poison TypesHaunterYes
74%
Normal TypesPidgeyYes
74%
Poison TypesOddishYes
70%
Poison TypesBulbasaurYes
67%
Poison TypesVictreebelYes
67%
Flying TypesDoduoYes
63%
Flying TypesVenomothNo
63%

Score Distribution

Percentile by Number Answered

Percent of People with Each Score

Your Score History

You have not taken this quiz